| 000 | 01227nam a22003017a 4500 | ||
|---|---|---|---|
| 003 | 0 | ||
| 005 | 20250913102850.0 | ||
| 008 | 250913b xxu||||| |||| 00| 0 eng d | ||
| 020 | _a978-0-316-24411-4 | ||
| 050 |
_aPZ 7.1 _b.C835 2014 |
||
| 100 |
_aCowell, Cressida, _eauthor, _eillustrator. |
||
| 245 |
_aHow to train your dragon book 11 : _bhow to betray a dragon’s hero / _cCressida Cowell. |
||
| 250 | _aFirst U.S. paperback edition. | ||
| 260 |
_aNew York : _bLittle, Brown and Company, _c2014. |
||
| 300 |
_a366 pages : _billustrations ; _c20 cm. |
||
| 490 |
_aHow to train your dragon ; _vbk. 11 |
||
| 500 | _aOriginally published in the U.K. by Hodder Children’s Books, 2013. | ||
| 520 | _aWith the Doomsday of Yule approaching, Hiccup Horrendous Haddock III faces betrayal, peril, and the greatest challenge yet as he seeks to unite humans and dragons before it is too late. | ||
| 650 |
_aVikings _vFiction. |
||
| 650 |
_aDragons _vFiction. |
||
| 650 |
_aBetrayal _vFiction. |
||
| 650 |
_aQuests (Expeditions) _vFiction. |
||
| 650 |
_aFriendship _vFiction. |
||
| 650 |
_aFathers and sons _vFiction. |
||
| 650 | _aHumorous stories. | ||
| 830 |
_aHow to train your dragon ; _sbk. 11. |
||
| 942 |
_2lcc _cBK |
||
| 999 |
_c367943 _d367943 |
||